The credibility of America's extended nuclear deterrent : the case of the Republic of Turkey /

Bibliographic Details
Main Author: Eldridge, William G., 1968-
Corporate Author: Air University (U.S.). Air Force Fellows
Format: Government Document eBook
Language:English
Published: Maxwell Air Force Base, Ala. : Air University Press, [2011]
Series:Walker paper (Maxwell Air Force Base, Ala.) ; no. 18.
Subjects:
Online Access:https://purl.fdlp.gov/GPO/gpo30916

MARC

Tag First Indicator Second Indicator Subfields
LEADER 00000cam a2200000 a 4500
001 in00002786589
005 20211120170325.0
006 m | d f
007 cr mn|||||||||
008 121106s2011 aluab ob f000 d eng c
035 |a (OCoLC)ocn816052564 
040 |a GPO  |c GPO  |d GPO  |d MvI  |d UtOrBLW 
042 |a pcc 
043 |a n-us---  |a a-tu--- 
049 |a WWW 
074 |a 0422-K-06 (online) 
086 0 |a D 301.26/6-10:18 
100 1 |a Eldridge, William G.,  |d 1968- 
245 1 4 |a The credibility of America's extended nuclear deterrent :  |b the case of the Republic of Turkey /  |c William G. Eldridge. 
264 1 |a Maxwell Air Force Base, Ala. :  |b Air University Press,  |c [2011] 
300 |a 1 online resource (xiii, 93 pages). 
336 |a text  |b txt  |2 rdacontent 
337 |a computer  |b c  |2 rdamedia 
338 |a online resource  |b cr  |2 rdacarrier 
490 1 |a Walker paper,  |v no. 18 
500 |a "September 2011." 
504 |a Includes bibliographical references (pages 85-93). 
500 |a Title from title screen (viewed on Nov. 6, 2012). 
500 |a Electronic resource. 
650 0 |a Nuclear nonproliferation  |x Government policy  |z United States. 
650 0 |a Nuclear nonproliferation  |z Turkey. 
651 0 |a Turkey  |x Military policy. 
651 0 |a Turkey  |x Foreign relations  |z United States. 
651 0 |a United States  |x Foreign relations  |z Turkey. 
650 0 |a Deterrence (Strategy) 
710 2 |a Air University (U.S.).  |b Air Force Fellows. 
776 0 8 |i Print version:  |a Eldridge, William G., 1968-  |t Credibility of America's extended nuclear deterrent  |w (DLC) 2011035039  |w (OCoLC)751248840 
830 0 |a Walker paper (Maxwell Air Force Base, Ala.) ;  |v no. 18. 
856 4 0 |u https://purl.fdlp.gov/GPO/gpo30916  |t 0 
999 |a MARS 
999 f f |s 8fdaaf34-3564-3ead-9c38-fcd6905c47ba  |i 68a90f9b-4100-3c80-813f-41fe5a6d291d  |t 0 
952 f f |a Texas A&M University  |b College Station  |c Electronic Resources  |d Available Online  |t 0  |e D 301.26/6-10:18  |h Superintendent of Documents classification 
998 f f |a D 301.26/6-10:18  |t 0  |l Available Online